000 00385 a2200169 4500
001 72082
020 _a851603481X
040 _cAnchieta - Colégio São Paulo
100 _aMachado, Ana Maria
240 1 0 _aRaul da ferrugem azul
_lpor
245 1 0 _aRaul da ferrugem azul
300 _a64
362 0 _a2005
440 1 _aSalamandra
650 4 _aLiteratura infantil
942 _cBK
999 _c72082
_d72082